| 000 | 00487nam a2200181Ia 4500 | ||
|---|---|---|---|
| 001 | 15998 | ||
| 005 | 20260306170237.0 | ||
| 008 | 260306t2017||||xx |||||||||||||| ||und|| | ||
| 041 | _aESP | ||
| 082 |
_a346.52 _bE88D |
||
| 100 |
_aEspinoza Espinoza, Juan _eAUT |
||
| 245 | 0 |
_aDaño corporal: _bnuevas orientaciones en la experiencia jurídica francesa y peruana |
|
| 260 | _c2017 | ||
| 300 |
_a286 páginas : _c21 cm. |
||
| 650 | _aGEN | ||
| 654 | _aCDE | ||
| 942 |
_cLIB _dJUS _fJUS _2ddc _n |
||
| 999 |
_c15998 _d15998 |
||